| 000 | 00341nam a2200145Ia 4500 | ||
|---|---|---|---|
| 008 | 210210b1924 xxu||||| |||| 00| 0 eng d | ||
| 041 | _aeng | ||
| 082 | _a516/46 | ||
| 100 | _aLAMB (H) | ||
| 245 | _aHydrodynamics | ||
| 260 |
_aCambridge _bAt the University Press _c1924 |
||
| 650 | _aHydrodynamics | ||
| 690 | _astatics | ||
| 906 | _a007763 | ||
| 999 |
_c140430 _d140430 |
||